| 000 | 00785nam1a22002531i 4500 | ||
|---|---|---|---|
| 001 | v19\rc\1819099 | ||
| 005 | 20260407121945.0 | ||
| 035 | _a(NLR Aleph) 004917396 | ||
| 090 |
_a5541572 _c5541572 |
||
| 100 | _a20071224d1907 |||a0rusy50 ca | ||
| 101 | 0 | _arus | |
| 102 | _aRU | ||
| 105 | _a z ||||| | ||
| 200 | 1 |
_aУстав строевой казачьей службы _eЧ. 1 |
|
| 210 |
_aСанкт-Петербург _cВ. Березовский _d1907 |
||
| 215 | _d15 | ||
| 740 | 1 |
_aРоссия _tВоенные уставы и наставления _3RU\NLR\AUTH\889957977 _9412039 |
|
| 801 | 0 |
_aRU _bNLR _gpsbo |
|
| 801 | 0 |
_aRU _bRuMoRGB _2psbo |
|
| 801 | 1 |
_aRU _bProSoft-M _2rusmarc |
|
| 852 |
_aNLR _j38.67.6.2 |
||
| 899 |
_aRuMoRGB _jU 53/365 |
||
| 899 | _aБАН | ||
| 942 | _cBOOK | ||